| 000 | 00539nam a22001817a 4500 | ||
|---|---|---|---|
| 003 | BD-DhUL | ||
| 005 | 20180816115801.0 | ||
| 008 | 180816s1981 le ||||| |||| 00| 0 ara d | ||
| 040 |
_aBD-DhUL _cBD-DhUL |
||
| 082 |
_a892.71 _bHAD |
||
| 100 | 0 | _aحاتم الطائی | |
| 245 | 1 |
_aدیوان حاتم الطائی / _cحاتم الطائی _b |
|
| 246 | _aDīwān Ḥātim al-Ṭāī | ||
| 260 |
_aبيروت : _bدار صادر، _c۱۹۸۱۔ |
||
| 300 |
_aص۔ ۹۵ ؛ _c۲۴ سم۔ |
||
| 650 | 4 | _aArabic poetry | |
| 942 |
_2ddc _cBK |
||
| 999 |
_c243180 _d243180 |
||